000 00468cam a2200193ua 4500
020 _c12.50
041 _ahin
_h
082 _a891.54
_bMAN/PR
100 _aManmohan , Saral .
245 _aPratinidhi hasya kahaniyam /
_cManmohan Saral.
_hTextual Documents
250 _a1 /
_b.
260 _a :
_bAtmaram and Sons ,
_c1960.
300 _a460 ; .
365 _a12.50
504 _a
700 1 _aShri Krishna, .
942 _cBK
999 _c8191
_d8191